000 00569nam a22001697a 4500
999 _c8754
_d8754
008 201214b ||||| |||| 00| 0 eng d
040 _aBMS College of Architecture
100 _aMurthy, Krishna B Shruthi
245 _aBeyond Barriers- residential school for the differently abled
300 _a47p.
500 _a1BM11AT067
502 _8B,Arch
_NBMS College of Architecture, Visvesvaraya Technological University (VTU)
_aProject report
_d2015
650 _aResidential School
700 _aRiju C Thomas
_eGuide
700 _aP S Mamatha
_eGuide
942 _2ddc
_cTHE